000 01173cam a22003133a 4500
001 1172
005 20231123151414.0
020 _a9780590481137
020 _a078073002993
040 _aEOW
_cEOW
_dSLC
_dOCL
_dDLC
_beng
050 0 0 _aPZ7.D128
082 _a436
100 1 _aDadey, Debbie
245 1 0 _aSkeletons don't play tubas /
_cby Debbie Dadey and Marcia Thornton Jones ; illustrated by John Steven Gurney.
250 _aFirst Scholastic printing, October 1994
260 _aNew York :
_bScholastic,
_c1994
300 _a73 pages :
_billustrations ;
_c20 cm
490 1 _aThe adventures of the Bailey School kids
500 _a"A Little Apple paperback."
505 _aO
520 _aThere are some pretty weird grown-ups living in Bailey City, but could the new band teacher really teach a skeleton to play the tuba? The Bailey School kids are going to find out!.
521 _a610
_bLexile
521 _aO
_bRaz-Plus
655 7 _aYoung adult fiction.
_2lcsh
700 1 _aJones, Marcia Thornton
_ecoauthor
700 1 _aGurney, Marcia Thornton
_eillustrator
906 _a7
_bcbc
_ccopycat
_d2
_encip
_f19
_gy-genrareb
942 _2ddc
_cBK
_n0
999 _c1172
_d1172